| 000 | 00392nam a22001577a 4500 | ||
|---|---|---|---|
| 003 | OSt | ||
| 005 | 20211118155038.0 | ||
| 008 | 211118b |||||||| |||| 00| 0 eng d | ||
| 020 | _a9788173817441 | ||
| 040 |
_aHU _cDDC |
||
| 082 | _a382.1094/SEN | ||
| 245 | _aEurope and the world | ||
| 260 |
_aLondon _bNew central book agency _c1998 |
||
| 300 |
_axii,913p,31cm _bill |
||
| 942 |
_2ddc _cBOOKS _n0 |
||
| 999 |
_c19088 _d19088 |
||